Normal view
MARC view
Entry Nombre personal
001 - NÚMERO DE CONTROL
- campo de control: 111703
003 - IDENTIFICADOR DE NÚMERO DE CONTROL
- campo de control: OSt
005 - FECHA Y HORA DE LA ÚLTIMA TRANSACCIÓN
- campo de control: 20260429121645.0
008 - ELEMENTOS DE DATO DE LONGITUD-FIJA
- campo de control de longitud fija: 260429|| aca||aabn | a|a d
024 7# - IDENTIFICADOR DE OTROS ESTÁNDARES
- Fuente: VIAF
- Número estándar o código: http://viaf.org/viaf/24175448
024 7# - IDENTIFICADOR DE OTROS ESTÁNDARES
- Fuente: ISNI
- Número estándar o código: https://isni.org/isni/0000000078677311
040 ## - FUENTE DE CATALOGACIÓN
- Centro catalogador/agencia de origen: M-RABA
100 1# - ENCABEZAMIENTO-NOMBRE DE PERSONA
- Nombre de persona: Gibson, Sheila
- Fechas asociadas al nombre: (1920-2002)
375 ## - GÉNERO/SEXO
- Género: Femenino
670 ## - FUENTE DE DATOS ENCONTRADOS
- Cita de la fuente: WWW VIAF, 29/04/2026
- Información encontrada: (Sheila Gibson)